000 02028nam0a2200421 4500
001 RU\NLR\BIBL_A\012311133
005 20210114093045.0
010 _a978-5-360-11730-8
_93000
021 _aRU
_bКН-П-20-019777
_9КН-П-20-1552
021 _aRU
_bКН-П-20-055867
_9КН-П-20-4165
035 _a(NLR Aleph) 012311133
035 _a(RuMoRGB)010125975
035 _a(RuMoRGB)010427607
035 _a(RuMoRGB)010317542
090 _a11371180
_c11371180
100 _a20200810d2020 e y0rusy50 ca
101 0 _arus
102 _aRU
105 _a |||j 000zy
181 0 _ai
_baxxe
182 0 _an
200 1 _aБиология
_e7 класс
_eучебник
_f[Ирина Николаевна Пономарёва, Ольга Анатольевна Корнилова, Валерия Семёновна Кучменко]
_gпод редакцией доктора педагогических наук, профессора И. Н. Пономарёвой
203 _aТекст
_bвизуальный
_cнепосредственный
205 _a4-е изд., стер.
210 _aМосква
_cВентана-Граф
_d2020
215 _a271, [1] с.
_cпортр., табл., цв. ил.
_d22
225 1 _aРоссийский учебник
_eРУ
300 _aАвт. указаны на обороте тит. л.
606 1 _aБотаника
_jУчебники для средней школы
_2nlr_sh1
_2nlr_sh2
_3RU\NLR\AUTH\66167725
686 1 _aЕ5я721-1
700 1 _aПономарева
_bИ. Н.
_cд-р пед. наук, канд. биол. наук
_f1929-
_gИрма Николаевна
_3RU\NLR\AUTH\7740598
701 1 _aКорнилова
_bО. А.
_cд-р биол. наук
_f1961-
_gОльга Анатольевна
_3RU\NLR\AUTH\770179576
701 1 _aКучменко
_bВ. С.
_gВалерия Семеновна
_3RU\NLR\AUTH\7764805
942 _cBOOK
980 _aNBR
980 _aNB